Harry Potter Word Triples Quiz Stats

 Plays Quiz Updated Aug 3, 2018

Challenge
Share
Tweet
Embed
Score 0/84 Timer 08:00
14 Plays Today
Sequence Word % Correct
FirstYou-Know-Who
91.4%
SecondYou-Know-Who
91.4%
ThirdYou-Know-Who
91.4%
FirstSlytherin
85%
SecondSlytherin
85%
ThirdSlytherin
85%
FirstTriwizard
84.9%
SecondTriwizard
84.9%
ThirdTriwizard
84.9%
FirstRavenclaw
83.1%
SecondRavenclaw
83.1%
ThirdRavenclaw
83.1%
FirstQuidditch
73.6%
SecondQuidditch
73.6%
ThirdQuidditch
73.6%
FirstBellatrix
73.3%
SecondBellatrix
73.3%
ThirdBellatrix
73.3%
FirstCruciatus
69.2%
SecondCruciatus
69.2%
ThirdCruciatus
69.2%
FirstKarkaroff
68.3%
SecondKarkaroff
68.3%
ThirdKarkaroff
68.3%
FirstPettigrew
65.9%
SecondPettigrew
65.9%
ThirdPettigrew
65.9%
FirstObliviate
61.1%
Sequence Word % Correct
SecondObliviate
61.1%
ThirdObliviate
61.1%
FirstMundungus
60.9%
SecondMundungus
60.9%
ThirdMundungus
60.9%
FirstAlohomora
60.3%
SecondAlohomora
60.3%
ThirdAlohomora
60.3%
FirstTrelawney
56.5%
SecondTrelawney
56.5%
ThirdTrelawney
56.5%
FirstImpervius
52.5%
SecondImpervius
52.5%
ThirdImpervius
52.5%
FirstGringotts
51.7%
SecondGringotts
51.7%
ThirdGringotts
51.7%
FirstHerbology
50.9%
SecondHerbology
50.9%
ThirdHerbology
50.9%
FirstLestrange
50.4%
SecondLestrange
50.4%
ThirdLestrange
50.4%
FirstCornelius
49.1%
SecondCornelius
49.1%
ThirdCornelius
49.1%
FirstAguamenti
47.5%
SecondAguamenti
47.5%
Sequence Word % Correct
ThirdAguamenti
47.5%
FirstMuffliato
46.4%
SecondMuffliato
46.4%
ThirdMuffliato
46.4%
FirstAndromeda
40.1%
SecondAndromeda
40.1%
ThirdAndromeda
40.1%
FirstMacMillan
36.1%
SecondMacMillan
36.1%
ThirdMacMillan
36.1%
FirstBartemius
35.4%
SecondBartemius
35.4%
ThirdBartemius
35.4%
FirstFiendfyre
33.7%
SecondFiendfyre
33.7%
ThirdFiendfyre
33.7%
FirstParkinson
32.7%
SecondParkinson
32.7%
ThirdParkinson
32.7%
FirstSmeltings
31.5%
SecondSmeltings
31.5%
ThirdSmeltings
31.5%
FirstFortescue
31.3%
SecondFortescue
31.3%
ThirdFortescue
31.3%
FirstScamander
28.1%
SecondScamander
28.1%
ThirdScamander
28.1%

You're not logged in!

Compare scores with friends on all Sporcle quizzes.
Join for Free
OR
Log In

You Might Also Like...

Show Comments

Extras

Top Quizzes Today


Score Distribution

Your Account Isn't Verified!

In order to create a playlist on Sporcle, you need to verify the email address you used during registration. Go to your Sporcle Settings to finish the process.

Report this User

Report this user for behavior that violates our Community Guidelines.

Details: